Тавро бездержавности. Політична культура українців (Запис № 425542)

МАРК-запис
000 -Лідер
fixed length control field 00819nam a22002657a 4500
001 - Контрольний номер
control field 45430
003 - Ідентифікатор контрольного номера
control field UA-OsUOA
005 - Дата та час останнього входження (трансакції)
control field 20260306121405.0
007 - Фіксоване поле фізичного опису
fixed length control field ta
008 - Елементи даних фіксованої довжини – загальна інформація
fixed length control field 20111011b un ||||| |||| 00| 0 ukr d
022 ## - Міжнародний стандартний серіальний номер (ISSN)
Міжнародний стандартний серіальний номер (ISSN) 05858364
040 ## - Джерело каталогізації
Агенція оригінальної каталогізації UA-OsUOA
Мова каталогізації ukr
Агенція, яка здійснювала перезапис UA-OsUOA
Агенція, яка здійснювала модифікацію UA-OsUOA
041 ## - Код мови
Код мови тексту/ звукової доріжки чи окремого заголовка (П) ukr
080 ## - Індекс Універсальної десяткової класифікації
Індекс Універсальної десяткової класифікації (УДК) (НП) 32(091)
090 ## - Локальний шифр розміщення
Класифікаційний індекс УДК 32(091)
Авторський знак (НП) Ц61
100 ## - Основне введення – ім’я особи
Ім’я особи (НП) Цимбалістий Б.
9 (RLIN) 24309
245 ## - Відомості про назву
Назва (НП) Тавро бездержавности. Політична культура українців
Дані про відповідальність (НП) Богдан Цимбалістий
260 ## - Публікація, розповсюдження і т.п. (Вихідні дані)
Місце публікації, розповсюдження і т.п. (П) К.
Дата публікації, розповсюдження і т.п. (П) 1994
Ім’я/ наймення видавництва, розповсюджувача і т.п. (П) УВКР
300 ## - Фізичний опис
Обсяг 61 с.
650 #7 - Додаткове предметне введення – тематичний термін
Тематичний термін чи географічна назва, як елемент введення (НП) 32 Політика
Джерело заголовка чи терміна UDC
9 (RLIN) 1654
942 ## - Додаткові елементи входу (Коха)
Тип елемента Koha Книги
Source of classification or shelving scheme Universal Decimal Classification
955 ## - Код типу видання за змістом
Код типу видання за змістом (НП) Науково-популярні видання
Фонди
Стан вилучень Стан втрат Джерело класифікації або схеми стелажів Стан уражень Не для кредиту Постійне місце розташування Поточне розміщення Дата придбання Джерело придбання Вартість, звичайна ціна покупки Інвентарний номер Усього замовленно Повний номер виклику Штрих-код Дата останнього перегляду Ціна ефективна від Тип елемента Koha Код колекції Вартість, ціна заміни
    Universal Decimal Classification     АБ - Абонемент НБ АБ - Абонемент НБ 06/03/2026 08/02.03.2026 15.00     32(091) Ц61 169485 06/03/2026 06/03/2026 Книги Колекція Шевчука Валерія 15.00
    Universal Decimal Classification     Наукова бібліотека ІДУД Наукова бібліотека ІДУД 11/10/2011 240/2010 1.00 2132187   32 (091) Ц61 2132187 14/09/2019 11/10/2011 Книги